O monstro que adorava ler (Record no. 49842)

MARC details
000 -LÍDER
campo de controle de tamanho fixo 00551 a2200217 4500
001 - NÚMERO DE CONTROLE
campo de controle 49842
020 ## - ISBN - INTERNATIONAL STANDARD BOOK NUMBER
ISBN - International Standard Book Number 9788541812498
020 ## - ISBN - INTERNATIONAL STANDARD BOOK NUMBER
ISBN - International Standard Book Number 9788560820788
041 ## - CÓDIGO DE IDIOMA
Código do idioma do texto/trilha sonora ou título diferente por
082 ## - CDD - CLASSIFICAÇÃO DECIMAL DE DEWEY
Número de Classificação P Year 2 808
040 ## - FONTE DA CATALOGAÇÃO
Instituição da catalogação original BR-BrIDEA
Instituição que transcreveu o registro BR-BrIDEA
090 ## - NÚMERO DE CHAMADA LOCAL
Número de chamada (OCLC) (R); Número de chamada, CALL (RLIN) (NR) P Year 2 808
Número Cutter local (OCLC); Número de classificação do livro, CALL (RLIN) CHA
100 ## - ENTRADA PRINCIPAL--NOME PESSOAL
Nome pessoal Chartrand, Lili
Datas associadas ao nome 1963
250 ## - EDIÇÃO
Edição . ed.
245 10 - TÍTULO
Título O monstro que adorava ler
Indicação de responsabilidade, etc. Lili Chartrand
260 ## - PUBLICAÇÃO, DISTRIBUIÇÃO, ETC.
Local de publicação, distribuição, etc. [S.l.]
Nome do editor, distribuidor, etc. Comboio de Corda
Data da publicação, distribuição, etc. 2009
300 ## - DESCRIÇÃO FÍSICA
Extensão [28] p.
697 ## - ENTRADA DE ASSUNTO LOCAL--ENTIDADE COLETIVA (RLIN)
Nome corporativo ou nome da jurisdição Literatura infantojuvenil canadense.
856 ## - LOCALIZAÇÃO ELETRÔNICA E ACESSO
Uniform Resource Identifier <a href="000002/000002cf.jpg">000002/000002cf.jpg</a>
942 ## - ELEMENTOS DE ENTRADA ADICIONADOS (KOHA)
Tipo de material Koha Livros
Holdings
Situação do descarte Situação das perdas Situação física Não pode ser emprestado Biblioteca de origem Biblioteca atual Data de aquisição Total de empréstimos Número de chamada completo Código de barras Data de último acesso Data do preço efetivo Tipo de material Koha Fonte da classificação ou esquema de arquivamento na estante Data do último empréstimo Devolução em
        Canadian School of Niterói - Itacoatiara Canadian School of Niterói - Itacoatiara 09/02/2024 1 CHA-M5 A12186 23/05/2024 09/02/2024 Livros   23/05/2024 06/12/2024
        Canadian School of Niterói - Piratininga Canadian School of Niterói - Piratininga 09/02/2024   CHA-M5 A06420 09/02/2024 09/02/2024 Livros      
        Colégio Anchieta - Bela Vista Colégio Anchieta - Bela Vista 21/11/2023   028.5 C486o CHA MON 3022/BEL 21/11/2023 21/11/2023 Livros      
        ECB - SUDOESTE ECB - SUDOESTE 06/03/2017 2 P Year 2 808 00029127SSW 20/05/2024 23/01/2024 Livros Classificação Decimal de Dewey 17/05/2024  
        ECB - SUDOESTE ECB - SUDOESTE 06/03/2017   P Year 2 808 00029128SSW 23/01/2024 23/01/2024 Livros Classificação Decimal de Dewey    
        ECB - SUDOESTE ECB - SUDOESTE 02/04/2014   P Year 2 808 00008387SSW 23/01/2024 23/01/2024 Livros Classificação Decimal de Dewey    
        ECB - SUDOESTE ECB - SUDOESTE 21/12/2022   P Year 2 808 CHA 00059561SSW 23/01/2024 23/01/2024 Livros Classificação Decimal de Dewey    
        ECB - SUDOESTE ECB - SUDOESTE 04/04/2022   P Year 2 808 CHA 00058004SSW 23/01/2024 23/01/2024 Livros Classificação Decimal de Dewey    
        ECB - ÁGUAS CLARAS ECB - ÁGUAS CLARAS 21/01/2020   AP Year 2 808 CHA 00047777AGC 23/01/2024 23/01/2024 Livros Classificação Decimal de Dewey    
        ECB - ÁGUAS CLARAS ECB - ÁGUAS CLARAS 21/01/2020   AP Year 2 808 CHA 00047778AGC 23/01/2024 23/01/2024 Livros Classificação Decimal de Dewey    
        ECB - ÁGUAS CLARAS ECB - ÁGUAS CLARAS 25/02/2022 1 AP Year 2 808 CHA 00056716AGC 18/03/2024 23/01/2024 Livros Classificação Decimal de Dewey 07/03/2024  
        ESTA - SÃO BENTO ESTA - SÃO BENTO 30/04/2024   028.52 CHA MON EST00012222 30/04/2024 30/04/2024 Livros